Нефтегазопромысловое оборудование: учебник

Bibliographische Detailangaben
1. Verfasser: Ишмурзин А. А. Абубакир Ахмадуллович
Körperschaft: Уфимский государственный нефтяной технический университет (УГНТУ)
Zusammenfassung:Посвящается 60-летию Уфимского государственного нефтяного университета.
Учебник состоит из четырех частей. В первой части рассмотрено современное состояние оснащенности оборудованием нефтедобывающих скважин. Приведены сведения о конструкциях, конструктивных схемах, технических характеристиках и рациональной эксплуатации машин и оборудования. Особое внимание уделено наклонно - направленным скважинам, а также состоянию компоновки нижней части электроприводных центробежных насосных установок для добычи нефти. Также имеются сведения о перспективных установках для добычи нефти - винтовых и диафрагменных. Во второй части приведены сведения о современном состоянии системы сбора и подготовки нефти, газа и воды. Даны примеры технологических и прочностных расчетов и конструктивных разработок машин и оборудования. В третьей части освещены конструктивные особенности оборудования газовых промыслов в контексте с оборудованием нефтегазовых промыслов. Четвертая часть посвящена рассмотрению конструктивных особенностей оборудования и инструмента для подземного ремонта и освоения скважин, а также рациональной их эксплуатации. Учебник предназначен для студентов вузов, обучающихся по специальности 09.06.00 «Разработка и эксплуатация нефтяных и газовых месторождений» и 17.02.00 «Машины и оборудование нефтяных и газовых промыслов», а также специалистов отрасли, повышающих свою квалификацию по линии ИПК.
Sprache:Russisch
Veröffentlicht: Уфа, Изд-во УГНТУ, 2008
Schriftenreihe:Библиотека нефтегазового дела
Schlagworte:
Format: MixedMaterials Buch
KOHA link:https://koha.lib.tpu.ru/cgi-bin/koha/opac-detail.pl?biblionumber=192458

MARC

LEADER 00000nam0a2200000 4500
001 192458
005 20231101224423.0
010 |a 9785987550519 
035 |a (RuTPU)RU\TPU\book\209874 
090 |a 192458 
100 |a 20110228d2008 m y0rusy50 ca 
101 0 |a rus 
102 |a RU 
105 |a a j 011zy 
200 1 |a Нефтегазопромысловое оборудование  |e учебник  |f А. А. Ишмурзин  |g Уфимский государственный нефтяной технический университет (УГНТУ) 
210 |a Уфа  |c Изд-во УГНТУ  |d 2008 
215 |a 565 с.  |c ил. 
225 1 |a Библиотека нефтегазового дела 
300 |a Посвящается 60-летию Уфимского государственного нефтяного университета. 
320 |a Библиогр.: с. 554. 
330 |a Учебник состоит из четырех частей. В первой части рассмотрено современное состояние оснащенности оборудованием нефтедобывающих скважин. Приведены сведения о конструкциях, конструктивных схемах, технических характеристиках и рациональной эксплуатации машин и оборудования. Особое внимание уделено наклонно - направленным скважинам, а также состоянию компоновки нижней части электроприводных центробежных насосных установок для добычи нефти. Также имеются сведения о перспективных установках для добычи нефти - винтовых и диафрагменных. Во второй части приведены сведения о современном состоянии системы сбора и подготовки нефти, газа и воды. Даны примеры технологических и прочностных расчетов и конструктивных разработок машин и оборудования. В третьей части освещены конструктивные особенности оборудования газовых промыслов в контексте с оборудованием нефтегазовых промыслов. Четвертая часть посвящена рассмотрению конструктивных особенностей оборудования и инструмента для подземного ремонта и освоения скважин, а также рациональной их эксплуатации. Учебник предназначен для студентов вузов, обучающихся по специальности 09.06.00 «Разработка и эксплуатация нефтяных и газовых месторождений» и 17.02.00 «Машины и оборудование нефтяных и газовых промыслов», а также специалистов отрасли, повышающих свою квалификацию по линии ИПК. 
606 1 |a Нефтегазопромысловое оборудование  |2 stltpush  |3 (RuTPU)RU\TPU\subj\69607  |9 84378 
610 1 |a эксплуатационные скважины 
610 1 |a конструкции 
610 1 |a насосно-компрессорные трубы 
610 1 |a пакеры 
610 1 |a штанговые насосы 
610 1 |a приводы 
610 1 |a винтовые насосы 
610 1 |a центробежные насосы 
610 1 |a диафрагменные электронасосы 
610 1 |a устьевое оборудование 
610 1 |a нефтяные скважины 
610 1 |a продукция 
610 1 |a сбор 
610 1 |a трубопроводы 
610 1 |a арматура 
610 1 |a коррозия 
610 1 |a антикоррозионная защита 
610 1 |a замерные установки 
610 1 |a газосепараторы 
610 1 |a нефтяные сепараторы 
610 1 |a насосные станции 
610 1 |a насосы-дозаторы 
610 1 |a нефтяные эмульсии 
610 1 |a нефтяные резервуары 
610 1 |a теплообменные аппараты 
610 1 |a сточные воды 
610 1 |a подготовка 
610 1 |a газовые скважины 
610 1 |a газлифтные скважины 
610 1 |a массообменные процессы 
610 1 |a компрессоры 
610 1 |a подземный ремонт 
610 1 |a подъемные агрегаты 
610 1 |a гидроприводы 
610 1 |a штанги 
610 1 |a кислотная обработка 
610 1 |a призабойные зоны 
610 1 |a тепловое взаимодействие 
610 1 |a учебники 
675 |a 622.276.05(075.8)  |v 3 
700 1 |a Ишмурзин  |b А. А.  |g Абубакир Ахмадуллович 
712 0 2 |a Уфимский государственный нефтяной технический университет (УГНТУ)  |2 stltpush  |3 (RuTPU)RU\TPU\col\42 
801 1 |a RU  |b 63413507  |c 20110228 
801 2 |a RU  |b 63413507  |c 20151106  |g RCR 
900 |a Нефтегазопромысловое оборудование 
942 |c BK 
951 |b 131000 
959 |a 27/20110228  |d 2  |e 5000,00  |f ЧЗТЛ:1  |f АНЛ:1